00466nam a2200157Ia 450000500170000000800410001708200130005810000140007124500150008526000320010030000120013265000440014494200060018895200990019499900150029320250411023339.0240331s9999 xx 000 0 und d bSALa894 aSaly, J.M 0aHadahuruwa aKandybThamil Mandramc1996 a84 p ., aShort Stories, ( Translated from Tamil) cL 001040708LaWERCLbWERCLcSSCd2024-03-31l0o 894.811 SALp2345r2024-03-31w2024-03-31yL c5374d5374